How to have the good life. (Record no. 12727)

000 -LEADER
fixed length control field 00544nam a2200181 a 4500
001 - CONTROL NUMBER
control field :::00010541$&:&@@
003 - CONTROL NUMBER IDENTIFIER
control field OkBaRHE
005 - DATE AND TIME OF LATEST TRANSACTION
control field 20000607103359.0
008 - FIXED-LENGTH DATA ELEMENTS--GENERAL INFORMATION
fixed length control field s1977 j 000 0 eng u
040 ## - CATALOGING SOURCE
Transcribing agency
100 1# - MAIN ENTRY--PERSONAL NAME
Personal name Osborn, Tommy Lee.
245 10 - TITLE STATEMENT
Title How to have the good life.
260 ## - PUBLICATION, DISTRIBUTION, ETC. (IMPRINT)
Place of publication, distribution, etc Tulsa, OK., :
Name of publisher, distributor, etc Osborn Foundation International
Date of publication, distribution, etc c1977
300 ## - PHYSICAL DESCRIPTION
Extent 299 p. ;
Dimensions 18 cm.
650 ## - SUBJECT ADDED ENTRY--TOPICAL TERM
Topical term or geographic name as entry element Christian Life
942 ## - ADDED ENTRY ELEMENTS (KOHA)
Source of classification or shelving scheme
Koha item type Books
Copies
Current Location Barcode Date last seen Copy number Shelving location Full call number Total Checkouts Permanent Location Koha item type Source of classification or shelving scheme Damaged status Not for loan Price effective from Date acquired Date checked out Withdrawn status Lost status
RHEMA Bible Training College105412021-05-061General StacksBV 4501 .O81RHEMA Bible Training CollegeBooks   2010-04-142010-04-142021-04-22